Score 0/10 Timer 03:00
0 Plays Today
% Correct
ALS Ice Bucket Challenge
88%
Ebola
83.8%
Robin Williams
71.1%
World Cup
69.1%
Frozen
68.5%
ISIS
66.8%
Malaysia Airlines
53.3%
Sochi Olympics
47.5%
Flappy Bird
43.4%
Conchita Wurst
19.7%
Remove Ads.
Support Sporcle.
Get the best of Sporcle when you Go Orange. This ad-free experience offers more features, more stats, and more fun while also helping to support Sporcle. Thank you for becoming a member.

You're not logged in!

Compare scores with friends on all Sporcle quizzes.
OR
Log In

Show Comments

Extras

Top Quizzes Today


Score Distribution

Your Account Isn't Verified!

In order to create a playlist on Sporcle, you need to verify the email address you used during registration. Go to your Sporcle Settings to finish the process.

Report this User

Report this user for behavior that violates our Community Guidelines.

Details: